00814nam a2200193 a 450000100100000000500170001000800410002704000250006808200150009310000390010824500940014726000500024130000270029170000440031804900090036295201190037195201130049099900170060300001708020200929165020.0100317s1991 dr a 000 0 spa d aDO-SdBNPbspacBNPHU axxxbH557a1 aHernández, Rafael Tomás93668410aAsí se juega el domino /cRafael Tomás Hernández; prólogo Juan José de la Cruz. aSantiago de los Caballeros :bCentral,c1991. a53 p. :bil. ;c21 cm.1 aCruz, Juan José de laepról.937674 aBNPD 0010718PDaPDbPDcCTd2010-03-17iLF1l0oxxx H557ap17080-10r2020-06-25te. 2w2020-06-25yLFPDZNo se presta 0010718PDaPDbPDcCTd2010-03-17iLF1l0oxxx H557ap17080-20r2020-06-25w2020-06-25yLFPDZNo se presta c16606d16606